000 00374 a2200169 4500
001 186872
020 _a85-08-07327-5
040 _cMagnum
100 _aChamlian, Regina
240 1 0 _aO papo da cabra-cabriola
_lpor
245 1 0 _aO papo da cabra-cabriola
300 _a40
362 0 _a2003
440 1 _aÁtica
697 _aLITERATURA INFANTO-JUVENIL
942 _cBK
999 _c186872
_d186872